| 000 | 00951nam a22001937a 4500 | ||
|---|---|---|---|
| 008 | 230810e20230727xxk|||||o|||| 00| 0 eng d | ||
| 041 | _aeng | ||
| 110 | _aRoyal Institution of Chartered Surveyors | ||
| 245 |
_aHong Kong's unfolding future: The Greater Bay Area Development _h[Electronic resource] |
||
| 260 |
_aLondon, _bRoyal Institution of Chartered Surveyors, _c27 July 2023 |
||
| 520 | _aDonglai Luo, RICS Senior Economist, assesses the impact of new policy measures designed to support economic growth on Hong Kong’s property industry in this World Built Environment Forum article key | ||
| 650 | _aCOMMERCIAL PROPERTY | ||
| 650 | _aPROPERTY MARKET | ||
| 650 | _aRESIDENTIAL PROPERTY | ||
| 651 | _aHong Kong | ||
| 710 | _aRoyal Institution of Chartered Surveyors | ||
| 856 |
_uhttps://www.rics.org/news-insights/wbef/hong-kongs-unfolding-future-consequences-for-the-property-industry-part-3 _zAvailable free on RICS.org |
||
| 942 | _n0 | ||
| 999 |
_c121640 _d121640 |
||